000 00558nam a2200169 4500
999 _c4243
_d4243
008 160901b xxu||||| |||| 00| 0 eng d
022 _a2094-8042
082 _aDPer 370.105 M72 Jan-Dec 2012 v. 60-61
100 _913925
_aMayo, John Andee T.
243 _a
245 _aThe role of the school in community development/
_cJohn Andee T. Mayo.
260 _aPhilippines:
_bIn the Grade School, Inc.,
_c©2012.
300 _av61 n1, pages 14-15;
_c28 cm.
500 _aThe Modern Teacher.
650 0 _913926
_aCommunity development
942 _2ddc
_cPER